Score 0/21 Timer 02:00
0 Plays Today
Clue 4-Letter Word % Correct
Desert or beach componentSAND
96%
Mailed or shippedSENT
95.3%
Superman's aliasKENT
93.8%
A stool or chairSEAT
93.2%
Of sound mindSANE
93.1%
The ugly duckling, after maturitySWAN
93.1%
To bat awaySWAT
90.2%
Divisible by twoEVEN
90.1%
Citizen played by Orson WellesKANE
89.5%
Actor McGregorEWAN
89%
A furnace or kilnOVEN
87.3%
Clue 4-Letter Word % Correct
SpokeSAID
87.1%
Rays third baseman LongoriaEVAN
85.4%
Philosopher ImmanuelKANT
84.4%
Was indebtedOWED
82.5%
John Irving title character MeanyOWEN
77.8%
Shocked, stupefiedAWED
72.1%
Spahn and ____ and pray for rainSAIN
50.8%
★ Biblical first murderer ★CAIN
49%
★ Biblical first murder victim ★ABEL
47.8%
Danny Pudi's character on 'Community'ABED
45.7%

Today's Daily Dose

Missing Word
'T' Pairs

Word Ladder
Game Pieces

Get the Picture
Baseball Movies

Remove Ads.
Support Sporcle.
Get the best of Sporcle when you Go Orange. This ad-free experience offers more features, more stats, and more fun while also helping to support Sporcle. Thank you for becoming a member.

You're not logged in!

Compare scores with friends on all Sporcle quizzes.
OR
Log In

Show Comments

Extras

Top Quizzes Today


Score Distribution

Your Account Isn't Verified!

In order to create a playlist on Sporcle, you need to verify the email address you used during registration. Go to your Sporcle Settings to finish the process.

Report this User

Report this user for behavior that violates our Community Guidelines.

Details: